000 00644nam a2200217Ii 4500
003 JO-AjNU
008 230606s9999||||xx |||||||||||||| ||und||
020 _a0-07-118012-5
040 _aJO-AjNU
_beng
_erda
_cJO-AjNU
041 _aeng
050 1 4 _aPE1122.K54 2002
100 3 _aHartmann,Pamela تأليف/kirn,Elaine م.مشارك,
_eauthor
_92206
245 0 0 _aInteractions 1:Reading
250 _a4 ed
264 3 1 _aNew York:Mcgraw-Hill/Contemporary,2002
300 _a272p
336 _atext
_btxt
_2rdacontent
337 _aunmediated
_bn
_2rdamedia
338 _avolume
_bnc
_2rdacarrier
650 4 _aInteractions 1-Reading
_92207
999 _aE1156
_c1156
_d1156